| 000 | 01024nam a2200313Ia 4500 | ||
|---|---|---|---|
| 001 | dia_4841 | ||
| 003 | CHAP | ||
| 005 | 20251023154940.0 | ||
| 008 | 220117s2011 xx 000 0 und d | ||
| 010 | _a175644 | ||
| 020 | _a978-968-18-4708-1 | ||
| 040 | _cCHAP | ||
| 082 | _a660.63 B56 2011 | ||
| 245 |
_aBiotecnología para ingenieros : sistemas biológicos en procesos tecnológicos / _c Compilador Alan Scragg ; traducción Leonor Huerta |
||
| 260 |
_aMéxico : _b Limusa, _c2011 |
||
| 300 | _a412 p. | ||
| 500 | _aTitulo original: Biotechnology for engineers. Biological Sistems Technological Processes | ||
| 503 | _aC/e | ||
| 504 | _aBibliografía: p. 393-395 | ||
| 590 | _aTP248.2.B56 2011 | ||
| 650 |
_aBiotechnology _9154433 |
||
| 650 |
_aBiotecnología _912878 |
||
| 700 |
_aHuerta, Leonor, tr. _9156852 |
||
| 700 |
_aScragg, Alan, comp. _9156853 |
||
| 901 | _a660.63 B56 2011 | ||
| 902 | _aM | ||
| 905 | _a5232272011 mx mni 8222223322spa16 | ||
| 942 |
_cLIBRO _2ddc |
||
| 999 |
_c175644 _d175644 |
||